00269 a2200121 4500000002500000020001700025100002400042245002800066250000600094260001800100264001200118999001700130 nam a22 7a 4500 a978935606357 aRussell, Stuart985 aArtificial Intelligence a4 bPearsonc2022 bPearson c35945d35945